• 首页
  • 本馆介绍
  • 公告通知
  • 最新文献
  • 馆藏检索
  • 电子资源
  • 读者导购
  • 参考咨询
  • 我的图书馆
  • 登录
  • 详细信息显示
  • 放入我的书架
  • 预约/预借图书
  • 作者相关作品
  • 分类相关作品
  • 丛书相关作品
  • 出版社相关作品

书目信息

  • 表格格式
  • 工作单格式
  • 卡片格式
题名:
等周问题
    
 
作者: ;北京市数学会 编
分册:  
出版信息: 北京   人民教育出版社  1964
页数: 60页
开本: 20cm
丛书名: 数学小丛书(11)
单 册:
中图分类: O1-51
科图分类:
主题词: 数学
电子资源:
ISBN:
000 00632nam0 2200229 450
001 0656073453
005 20060802084752.01
010    @dCNY0.17
100    @a20060721d1964 km y0chiy0120 ea
101 0  @achi
102    @aCN@b110000
102    @aCN@b110000
200 1  @a等周问题@Adeng zhou wen ti@f北京市数学会编@Fbei jing shi shu xue hui bian
210    @a北京@c人民教育出版社@d1964
215    @a60页@d20cm
225 2  @a数学小丛书(11)
410  0 @12001 @a数学小丛书(11)
606 0  @a数学
690    @aO1-51@v3
711  0 @a北京市数学会@Abei jing shi shu xue hui@4编
801  0 @aCN@bPFT@c20060802
905    @a10447@dO1-51@e262
    
    等周问题/北京市数学会编.-北京:人民教育出版社,1964
    60页;20cm.-(数学小丛书(11))
    
    
    ISBN :CNY0.17
    
●
相关链接 在E读中查询图书 在五车中查询图书 在当当中查询图书 在豆瓣中查询图书


正题名:等周问题     索取号:O1-51/262         预约/预借

序号 登录号 条形码 馆藏地/架位号 状态 备注
1 0430533   204305331   密集书库/ [索取号:O1-51/262] 在馆    
2 0430565   204305652   密集书库/ [索取号:O1-51/262] 在馆    
3 0430566   204305661   密集书库/ [索取号:O1-51/262] 在馆    
4 0430567   204305670   密集书库/ [索取号:O1-51/262] 在馆    
5 0434346   204343460   密集书库/ [索取号:O1-51/262] 在馆    
6 0441652   204416523   密集书库/ [索取号:O1-51/262] 在馆    
7 0441653   204416532   密集书库/ [索取号:O1-51/262] 在馆    
8 0441654   204416541   密集书库/ [索取号:O1-51/262] 在馆    
9 0441655   204416550   密集书库/ [索取号:O1-51/262] 在馆    
10 0441656   204416569   密集书库/ [索取号:O1-51/262] 在馆    
11 0441657   204416578   密集书库/ [索取号:O1-51/262] 在馆    
唐山师范学院图书馆 欢迎您!
大连网信软件有限公司© 版权所有